[Event "DEN-ch G5-1"]
[Site "Svendborg"]
[Date "2022.04.10"]
[Round "2"]
[White "Hanuscheck, Jorgen Peter"]
[Black "Velarde, Andrew"]
[Result "0-1"]
[WhiteElo "1631"]
[BlackElo "1753"]
[PlyCount "150"]
[EventDate "2022.04.09"]
[EventType "swiss"]
[EventRounds "5"]
[EventCountry "DEN"]
[SourceTitle "EXT 2024"]
[Source "ChessBase"]
[SourceDate "2023.10.10"]
[SourceVersion "1"]
[SourceVersionDate "2023.10.10"]
[SourceQuality "1"]

1. d4 d5 2. c4 e5 3. dxe5 d4 4. Nf3 Nc6 5. e3 Bb4+ 6. Bd2 dxe3 7. fxe3 Bg4 8. Be2 Nge7 9. 0-0 0-0 10. Qc2 Bf5 11. e4 Bg6 12. Nc3 Nd4 13. Qd3 Bc5 14. Nxd4 Qxd4+ 15. Qxd4 Bxd4+ 16. Kh1 Bxe5 17. Bf4 Bxc3 18. bxc3 Bxe4 19. Bxc7 Rfe8 20. a4 Rac8 21. Be5 Ng6 22. Bd4 Bxg2+ 23. Kxg2 Rxe2+ 24. Kg1 Rxc4 25. Rfb1 Re7 26. a5 a6 27. Rb3 Nf4 28. Rab1 Rcc7 29. Kf1 h6 30. c4 Rxc4 31. Bf2 Ra4 32. Be1 Nd5 33. Rxb7 Rxb7 34. Rxb7 Ne3+ 35. Kg1 Nc4 36. Ra7 Nxa5 37. Rxa6 Rg4+ 38. Kf2 Nb3 39. Ra8+ Kh7 40. Rb8 Nc5 41. Kf3 Rg6 42. Bc3 Rc6 43. Ra8 Ne6 44. Ra3 Ng5+ 45. Ke3 Re6+ 46. Kf4 Re4+ 47. Kg3 Rc4 48. Be5 f6 49. Bf4 Ne6 50. Bd2 Ng5 51. Bf4 Ne4+ 52. Kf3 Rc3+ 53. Rxc3 Nxc3 54. h4 Kg6 55. Kg4 h5+ 56. Kf3 Kf5 57. Bd2 Nd5 58. Be1 Ne7 59. Bd2 Ng6 60. Kg3 Ke4 61. Bc1 Ne7 62. Bb2 Nf5+ 63. Kh3 Kf3 64. Bc3 Nd6 65. Bd4 Ne4 66. Bb6 g5 67. hxg5 fxg5 68. Bd8 Nf2+ 69. Kh2 g4 70. Bh4 Ne4 71. Be1 Nf2 72. Ba5 g3+ 73. Kg1 Nh3+ 74. Kf1 g2+ 75. Ke1 g1Q+ 0-1